[Event "Eurasia Open Cup 2018"]
[Site "Jekaterienburg"]
[Date "2018.08.06"]
[Round "5"]
[White "Sarana, Alexey"]
[Black "Bocharov, Ivan"]
[Result "1-0"]
[WhiteElo "2613"]
[BlackElo "2552"]
[Annotator "TA"]
[PlyCount "101"]
[EventDate "2018.08.01"]
[EventType "swiss"]
[EventCountry "RUS"]
[SourceTitle "playchess.com"]
[Source "ChessBase"]
[SourceQuality "1"]

{[%evp 30,101,37,47,37,29,25,33,54,61,64,66,73,83,82,75,70,29,31,22,24,20,28,36,100,108,115,100,117,110,132,130,180,193,189,182,193,128,254,261,250,283,261,260,264,242,300,186,164,147,297,297,275,260,384,253,886,752,669,547,981,972,1169,1147,1069,1077,1497,1474,2378,2427,1758,1925,2166,2143]} 1. d4 d5 2. c4 c6 3. Nf3 Nf6 4. Nc3 dxc4 5. a4 Bf5 6. Ne5 Nbd7 7. Nxc4 Qc7 8. g3 e5 9. dxe5 Nxe5 10. Bf4 Nfd7 11. Bg2 g5 {D17: Slav Defence: 5 a4 Bf5: Lines with 6 Nh4 and 6 Ne5} 12. Nxe5 gxf4 13. Nxd7 O-O-O 14. Qd4 Qxd7 15. Qxf4 Bd6 16. Qc1 {LiveBook: 18 Games} Kb8 (16... Be5 17. O-O Qd2 18. Rd1 Qxc1 19. Raxc1 Rxd1+ 20. Nxd1 {1-0 (48) Yu,Y (2751)-Mamedov,R (2709) Huaian 2017}) 17. O-O Qe6 18. a5 a6 $1 19. Ra4 Qb3 $146 20. Rh4 Bg6 21. Ne4 Be7 22. Nc5 $1 {[%cal Rc5b3]} Qc2 23. Rc4 (23. Qxc2 {is interesting.} Bxc2 24. Rc4 Bxc5 25. Rxc2 Be7 26. e3) 23... Qxc1 $1 24. Rfxc1 {Black must now prevent Nxb7!} Bxc5 $1 25. Rxc5 Rd2 26. h4 {[%cal Bh2h4,Bh4h5][%mdl 32] aiming for h5.} Re8 ({Better is} 26... f6 $14) 27. h5 $36 {[%mdl 2048] Keeping Black busy.} Be4 28. Bxe4 Rxe4 {[%mdl 4096] Endgame KRR-KRR} 29. Rf5 Re7 30. b4 Rdxe2 31. Rc4 $1 R2e5 32. Rcf4 f6 33. g4 ({Not} 33. Rxf6 Rxh5 34. Rf8+ Kc7 $14) (33. Kg2 $18) 33... Rg7 (33... Rxf5 $16 {was worth a try.} 34. Rxf5 Rg7) 34. Rxe5 $1 $18 (34. Rxf6 Rxh5 35. Rf8+ Ka7 $14) 34... fxe5 {KR-KR} 35. Rf8+ Kc7 36. f3 Kd6 37. Kf2 e4 38. Rd8+ Ke7 39. Rb8 $1 {[%cal Rb8b7]} Kd6 (39... Kf6 $16) 40. Re8 ({Weaker is} 40. fxe4 Rxg4 41. Rxb7 Rxe4 $16) 40... exf3 41. Kxf3 Kd5 (41... c5 $142) 42. Kf4 $1 Kc4 $2 {[#]} (42... Rf7+ 43. Kg5 Rg7+ 44. Kh6 Rxg4) 43. h6 $1 {[%cal Rh6g7] White is clearly winning.} Rf7+ 44. Kg5 Kxb4 {[#]} 45. Rg8 $1 {[%cal Rg8g7]} Rd7 46. Rg7 Rd5+ 47. Kh4 Rb5 48. Rxh7 Kxa5 49. Rf7 Rb1 50. Rf5+ b5 51. Rh5 {Precision: White = 89%, Black = 48%.} 1-0

[Event "Eurasia Open Cup 2018"]
[Site "Jekaterienburg"]
[Date "2018.08.06"]
[Round "5"]
[White "Timofeev, Artyom"]
[Black "Kopylov, Alexander A"]
[Result "1-0"]
[WhiteElo "2590"]
[BlackElo "2421"]
[Annotator "TA"]
[PlyCount "105"]
[EventDate "2018.08.01"]
[EventType "swiss"]
[EventCountry "RUS"]
[SourceTitle "playchess.com"]
[Source "ChessBase"]
[SourceQuality "1"]

{[%evp 16,105,15,14,7,5,25,14,23,18,16,23,32,37,64,61,65,63,56,47,54,56,56,30,79,79,79,79,79,77,77,72,78,77,72,73,74,70,85,91,90,91,88,93,143,122,135,130,145,126,122,114,451,433,416,397,400,397,521,363,843,166,933,913,1031,983,1884,1872,1772,1675,1595,1521,1352,1313,2271,2115,2089,1990,6721,3139,12843,12843,12844,12844,12845,12846,12846,12843,12846,12847,12847,12847]} 1. c4 Nf6 2. Nf3 g6 3. Nc3 d5 4. d4 Bg7 5. Bg5 Ne4 6. h4 {D91: Grünfeld: 4 Nf3 Bg7 5 Bg5} (6. Bf4 O-O 7. Nxd5 c5 8. Qc2 f5 9. Bc7 Qd7 10. Be5 cxd4 11. Bxg7 Kxg7 12. Qd1 Nc6 13. Nxd4 e6 14. Nxc6 exd5 {1-0 (54) So,W (2778)-Grischuk,A (2766) Paris 2018}) 6... c5 7. cxd5 Nxc3 8. bxc3 Qxd5 9. e3 {LiveBook: 6 Games} cxd4 10. cxd4 $146 ({Predecessor:} 10. exd4 O-O 11. Be2 Nc6 12. O-O e5 13. c4 Qd6 {1-0 (38) Swiercz,D (2627)-Drozdowski,K (2426) Warsaw 2012}) 10... h6 11. Bf4 Nc6 12. Be2 O-O 13. O-O Bg4 14. Qa4 Qa5 15. Qxa5 Nxa5 16. Bc7 b6 17. Rac1 Nb7 18. Ba6 Nd6 19. Ne5 Bxe5 20. dxe5 Ne8 21. Bb7 Nxc7 22. Rxc7 Rad8 23. Rxe7 Rfe8 24. Rxe8+ Rxe8 $16 {[%mdl 4096] Endgame KRB-KRB} 25. f4 Rd8 26. e4 Rd4 27. Kf2 Rd2+ 28. Kg3 Be6 29. a3 Bc4 30. Rf2 Rd3+ 31. Rf3 Rd2 32. f5 gxf5 33. exf5 Bd5 $2 {[%mdl 8192]} (33... b5 $16 {is more resistant.}) 34. Bxd5 $18 Rxd5 {[#] KR-KR} 35. Re3 $1 Rd4 36. h5 b5 37. e6 Kf8 $2 (37... fxe6 38. Rxe6 Kg7 39. Rg6+ Kh7) 38. Kf3 $2 (38. e7+ Ke8 39. f6) 38... f6 $2 (38... Ra4 39. exf7 Kxf7) 39. Rc3 {White is clearly winning.} Ra4 40. g4 a6 41. Rc8+ Ke7 42. Rc7+ Ke8 43. Rf7 Rxa3+ 44. Ke2 Rg3 45. Rxf6 Rxg4 46. Kf3 Rg5 47. Kf4 Rxh5 48. Rg6 Rh1 49. Ke5 Re1+ 50. Kf6 {[%cal Rg6g8] [#]} Kd8 51. Rg8+ Kc7 52. e7 b4 53. e8=Q {Precision: White = 86%, Black = 25%.} 1-0

[Event "Eurasia Open Cup 2018"]
[Site "Jekaterienburg"]
[Date "2018.08.06"]
[Round "5"]
[White "Rozum, Ivan"]
[Black "Tsybikov, Tumen"]
[Result "1/2-1/2"]
[WhiteElo "2581"]
[BlackElo "2272"]
[Annotator "TA"]
[PlyCount "93"]
[EventDate "2018.08.01"]
[EventType "swiss"]
[EventCountry "RUS"]
[SourceTitle "playchess.com"]
[Source "ChessBase"]
[SourceQuality "1"]

{[%evp 16,93,8,6,34,34,26,27,41,38,62,54,62,48,45,49,54,46,58,45,59,35,24,0,34,38,23,20,19,13,47,14,23,0,0,0,74,70,73,75,60,60,60,67,84,81,85,60,60,66,66,45,58,44,50,62,55,51,47,21,47,0,15,15,8,0,0,0,5,8,11,0,0,0,0,0,0,0,0,0]} 1. d4 Nf6 2. c4 g6 3. Nf3 Bg7 4. g3 O-O 5. Bg2 c6 6. O-O d5 7. Qb3 Qb6 8. Nc3 Rd8 9. h3 {LiveBook: 34 Partien. D78: Grünfeldindisch (Fianchetto 6.0-0 c6)} (9. Bd2 Bf5 10. Qa3 e6 11. e4 Nxe4 12. Nxe4 dxe4 13. Ba5 Qa6 14. Bxd8 Qxa3 15. bxa3 exf3 16. Bxf3 Nd7 17. Bg5 Bxd4 18. Rad1 e5 19. Rfe1 Nc5 20. Bf6 Nd7 21. Rxd4 exd4 22. Bxd4 {½-½ (22) Mamedyarov,S (2808)-Vachier Lagrave,M (2789) Leuven 2018}) 9... Na6 10. Qxb6 $146 ({Vorgänger:} 10. Rd1 Bf5 11. Ne1 Be6 12. c5 Qxb3 13. axb3 Nd7 14. g4 f6 15. Bf4 Bf7 16. e3 e5 {1-0 (43) Ippolito,D (2459)-Grasso,D (2195) Parsippany 2012}) 10... axb6 11. Na4 {Weiß hat minimalen Vorteil.} Nd7 12. cxd5 cxd5 13. Bf4 e6 14. Rfc1 b5 15. Nc3 {[%cal Ba4c3,Bc3b5,Bb5d6][%mdl 32]} b4 $1 {[%cal Rb4c3]} 16. Nb5 Ndb8 17. e3 Nc6 18. Nd6 Bf8 19. Nxc8 Raxc8 20. Bf1 Nc7 21. Nd2 {[%cal Bf3d2,Bd2b3,Bb3c5][%mdl 32]} Ne8 22. Nb3 Bd6 23. Nc5 Na5 24. Nd3 Bxf4 25. gxf4 b3 {[#]} (25... Rxc1 $11 {hält das Gleichgewicht.} 26. Rxc1 Nc6) 26. Rxc8 $1 $16 Rxc8 27. Nc5 bxa2 28. Rxa2 b6 29. Nd7 Nb3 30. Nxb6 Rc1 {[#] ...Sd2 ist eine echte Drohung.} 31. Ra8 Nd2 {zielt auf ...Kf8 ab.} 32. Rxe8+ Kg7 33. Nd7 Rxf1+ $14 {[%mdl 4096] Endspiel KTS-KTS} 34. Kg2 Rb1 35. Rb8 Nc4 36. b3 $1 {[%cal Rb3c4]} Nd6 37. Nc5 Rb2 38. Kf3 Nf5 {Die Stellung ist ausgeglichen.} 39. Rb7 Kg8 40. Rb8+ Kg7 41. Rb7 {Schwarz muss nun Sxe6+ beachten.} Kg8 42. b4 h5 $1 43. b5 Nh4+ 44. Kg3 Nf5+ 45. Kf3 Nh4+ 46. Kg3 Nf5+ 47. Kf3 {Precision: Weiß = 71%, Schwarz = 66%.} 1/2-1/2

[Event "Eurasia Open Cup 2018"]
[Site "Jekaterienburg"]
[Date "2018.08.06"]
[Round "5"]
[White "Matsenko, Sergei"]
[Black "Pastukhov, Leonid"]
[Result "1-0"]
[WhiteElo "2533"]
[BlackElo "2166"]
[Annotator "TA"]
[PlyCount "96"]
[EventDate "2018.08.01"]
[EventType "swiss"]
[EventCountry "RUS"]
[SourceTitle "playchess.com"]
[Source "ChessBase"]
[SourceQuality "1"]

{[%evp 20,96,31,12,15,16,34,49,29,28,56,0,0,0,0,0,23,42,21,25,85,78,174,168,168,172,170,180,177,178,180,175,204,177,213,193,190,191,207,208,249,245,260,241,441,378,577,571,640,635,625,599,761,735,721,701,879,849,756,720,1099,1086,1051,1047,974,943,912,873,1092,1051,2527,2279,5683,3851,29981,29982,29989,29990,29999]} 1. Nf3 c5 2. c4 Nc6 3. e3 Nf6 4. Nc3 e6 5. d4 cxd4 6. exd4 d5 7. c5 Be7 8. Bb5 O-O 9. O-O Ne4 10. Qc2 {B14: Caro-Kann: Panov-Botvinnik Attack with 5...e6 and 5...g6} Bd7 (10... f5 11. Bxc6 bxc6 12. Ne5 Bf6 13. Nxc6 Qc7 14. Nxe4 fxe4 15. Ne5 Bxe5 16. dxe5 Qxe5 17. Re1 Qf6 18. c6 Ba6 19. Qc5 d4 20. Qc2 Bd3 21. Qd2 e3 {0-1 (21) Zinchenko,Y (2527)-Fridman,D (2650) ICC INT 2009}) 11. a3 {LiveBook: 4 Games} Nxc3 12. Qxc3 {The position is equal.} Ne5 13. Nxe5 $146 ({Predecessor:} 13. Be2 Nxf3+ 14. Bxf3 Bf6 15. Bf4 Bc6 16. Rfe1 a5 17. b4 Qd7 18. Reb1 Rfc8 {1-0 (61) Molnar,P (2353)-Starzec,J (2051) Slovakia 2007}) 13... Bxb5 14. Re1 b6 15. c6 (15. a4 $14 Be8 16. b4) 15... Bd6 $11 16. a4 Ba6 $1 17. Bd2 Qc7 18. Rac1 Rfe8 19. Qh3 Re7 (19... Qe7 $11 {keeps the balance.}) 20. b4 $36 {[%cal Bb2b4,Bb4b5][%mdl 2080] Black is under strong pressure.} Rae8 (20... f6 $16) 21. b5 $18 Bc8 22. Qb3 Kh8 23. g3 f6 24. Nd3 g5 25. Bb4 h5 26. Re3 Rg8 27. Bxd6 Qxd6 28. Qb4 Qc7 29. Rce1 h4 30. g4 Rh7 31. h3 {[%cal Bh2h3,Bh3g4][%mdl 32]} f5 $2 {[#]} (31... a6 32. Rf1 Qg7) 32. Ne5 fxg4 (32... Qg7 {was called for.} 33. f3 Qc7) 33. hxg4 Qe7 34. Qxe7 Rxe7 35. a5 bxa5 36. Rf3 Kg7 37. Ra1 Rc7 38. Rxa5 Re8 39. Kg2 Ree7 40. Kh3 Re8 41. Ra2 Ree7 42. Ra1 Re8 43. Rfa3 Ree7 {[#]} 44. f4 $1 {[%mdl 512]} Kf6 (44... gxf4 45. g5) 45. Rf1 Re8 46. fxg5+ Kxg5 47. Raf3 Ree7 48. Rf6 {[%csl Ge5][%cal Rf6g6]} Rb7 {Precision: White = 83%, Black = 25%.} 1-0

[Event "Eurasia Open Cup 2018"]
[Site "Jekaterienburg"]
[Date "2018.08.06"]
[Round "5"]
[White "Kabanov, Nikolai"]
[Black "Artemiev, Vladislav"]
[Result "0-1"]
[WhiteElo "2475"]
[BlackElo "2702"]
[Annotator "TA"]
[PlyCount "64"]
[EventDate "2018.08.01"]
[EventType "swiss"]
[EventCountry "RUS"]
[SourceTitle "playchess.com"]
[Source "ChessBase"]
[SourceQuality "1"]

{[%evp 10,64,29,6,26,16,27,29,27,0,0,0,8,-66,-69,-64,-76,-71,-68,-73,-89,-83,-81,-75,-69,-92,-89,-102,-81,-177,-150,-172,-170,-162,-168,-157,-163,-174,-180,-122,-165,-654,-671,-678,-675,-643,-632,-669,-635,-622,-616,-5418,-5418,-5418,-5414,-5306,-5273]} 1. e4 c5 2. Nf3 d6 3. d4 cxd4 4. Nxd4 Nf6 5. Nc3 a6 6. Qf3 {LiveBook: 218 Games} Bd7 {B90: Sicilian Najdorf: Unusual White 6th moves, 6 Be3 Ng4 and 6 Be3 e5} 7. Bg5 $146 ({Predecessor:} 7. h3 Nc6 8. Nxc6 Bxc6 9. Be3 e6 10. O-O-O b5 11. Bd3 Be7 12. Ne2 O-O 13. Nd4 Bb7 14. g4 {0-1 (57) Narayanan,S (2383)-Ju,W (2529) Ho Chi Minh City 2012}) 7... Nc6 8. Nb3 Rc8 {White has an edge.} 9. h3 e6 10. O-O-O Be7 11. g4 (11. Qg3 $11) 11... h6 12. Be3 b5 {[%cal Bb7b5,Bb5b4][%mdl 32]} 13. Qg2 Na5 $36 {[%mdl 2048] Black is more active.} 14. Bd3 b4 15. Ne2 Nc4 16. Bxc4 Rxc4 17. Ned4 g6 18. Nd2 Rc8 19. f4 (19. Kb1 $17) 19... Qc7 20. Kb1 e5 21. fxe5 dxe5 22. N4f3 Qxc2+ 23. Ka1 Be6 ({Inferior is} 23... Nxe4 24. Nxe5 Nxd2 25. Bxd2 $11) 24. Nxe5 {[#]} (24. Rc1 $19 Qd3 25. Rxc8+ Bxc8 26. Re1) 24... O-O $1 $17 {aiming for ...Bxa2!} 25. g5 $2 (25. Rc1 Qxc1+ 26. Rxc1 Rxc1+ 27. Nb1) 25... Bxa2 $19 {Black is clearly winning.} (25... hxg5 $2 26. Rc1 $19) 26. Kxa2 {Threatens to win with Rc1.} Rc3 {[%csl Gb4,Ge7][%cal Rc3a3]} 27. Ka1 {Threatening Rc1.} Rxe3 28. Nec4 Qa4+ 29. Kb1 b3 30. Nxe3 {[#] Hoping for Nxb3.} Qa2+ 31. Kc1 Rc8+ ({Weaker is} 31... Qa1+ 32. Nb1 $17) 32. Ndc4 Bb4 {Precision: White = 42%, Black = 84%.} 0-1

[Event "Eurasia Open Cup 2018"]
[Site "Jekaterienburg"]
[Date "2018.08.06"]
[Round "5"]
[White "Fakhrutdinov, Timur"]
[Black "Kryakvin, Dmitry"]
[Result "1/2-1/2"]
[WhiteElo "2463"]
[BlackElo "2591"]
[Annotator "TA"]
[PlyCount "109"]
[EventDate "2018.08.01"]
[EventType "swiss"]
[EventCountry "RUS"]
[SourceTitle "playchess.com"]
[Source "ChessBase"]
[SourceQuality "1"]

{[%evp 17,109,0,9,0,16,19,14,22,39,6,33,0,0,-20,0,-64,-38,-89,112,82,110,6,7,7,13,0,0,0,0,0,0,0,8,0,0,0,0,0,0,-8,-7,-8,-8,-8,0,-6,0,-6,0,0,0,0,0,-8,0,-181,-150,-130,-42,-42,-32,-42,-43,-76,0,0,0,0,0,0,0,0,0,0,0,0,0,0,0,0,0,0,0,0,0,0,8,8,8,0,0,0,8,0]} 1. e4 c5 2. Nf3 Nc6 3. d4 cxd4 4. Nxd4 e6 5. Nc3 d6 6. g4 h6 7. Bg2 Nf6 8. h3 Bd7 9. Nde2 {B81: Sicilian Scheveningen: Keres Attack} (9. Be3 a6 10. Qd2 Ne5 11. b3 g5 12. O-O-O Rc8 13. Kb1 Be7 14. f4 gxf4 15. Bxf4 Qa5 16. Nce2 Qxd2 17. Bxd2 {0-1 (50) Fedorchuk,S (2640)-Guliyev,N (2566) Paris 2017}) 9... a6 {LiveBook: 5 Games} 10. a4 g5 11. f4 $146 ({Predecessor:} 11. Be3 Ne5 12. b3 Be7 13. O-O h5 14. f3 Rg8 15. Qd2 Nh7 16. Ng3 hxg4 17. fxg4 {0-1 (45) Vykouk,J (1966)-Uksini,B (1909) Mureck 2012}) 11... gxf4 12. Bxf4 Ne5 13. Qd4 Qc7 14. O-O Be7 15. Bg3 Rc8 16. Nf4 (16. Rad1 $11) 16... Rg8 $15 17. Nd3 {[#]} (17. Kh1 $1 $15) 17... Qc4 $2 (17... h5 $1 $17 {[%cal Rh5g4] stays on course.} 18. Nxe5 dxe5 19. Qxe5 Qxe5 20. Bxe5 hxg4) 18. Bxe5 $16 dxe5 19. Qxc4 (19. Qxe5 $16 {With the idea Kh2.} Rg5 20. Qg3) 19... Rxc4 $11 20. Nxe5 Rc7 21. Nd3 h5 22. e5 hxg4 23. exf6 gxh3 24. fxe7 Rxg2+ 25. Kh1 Bc6 26. Ne5 Rxc2+ 27. Nxc6 Rxc6 28. Rac1 Rxb2 29. Ne4 Kxe7 30. Rxc6 bxc6 {[%mdl 4096] Endgame KRN-KR} 31. Nc5 a5 32. Rf3 Rb4 33. Rc3 Kd6 34. Kh2 Kd5 {[#] Hoping for ...Rc4.} 35. Nd7 $1 c5 {[%cal Bc6c5,Bc5c4][%mdl 32]} 36. Rxh3 $2 (36. Nxc5 $11 {and White stays safe.} Rc4 37. Rxc4 Kxc4 38. Nd7) 36... c4 $19 37. Kg2 Kd6 (37... f5 $17 38. Rh1 c3) 38. Nf6 $15 Rxa4 {And now ...Ra2+ would win.} 39. Ne4+ Ke5 40. Nc3 $1 {[%cal Rc3a4]} Ra1 ({Black should try} 40... Rb4 $17 41. Ne2 a4) 41. Rh4 $11 {The position is equal.} Rc1 42. Re4+ Kf5 43. Rxc4 e5 {...a4! is the strong threat.} 44. Rc5 Kg4 45. Rc4+ Kh5 46. Rc5 Kg4 47. Rc4+ Kf5 {Strongly threatening ...a4!} 48. Rc5 Ra1 49. Rc4 Ra3 50. Kf2 Rb3 51. Rc5 Kg4 52. Ne2 Rf3+ 53. Kg2 {Threatens to win with Rc4+.} Re3 54. Kf2 Rf3+ 55. Kg2 {Precision: White = 54%, Black = 51%.} 1/2-1/2

[Event "Eurasia Open Cup 2018"]
[Site "Jekaterienburg"]
[Date "2018.08.06"]
[Round "5"]
[White "Kozionov, Kirill"]
[Black "Rudometov, Maxim"]
[Result "0-1"]
[WhiteElo "2461"]
[BlackElo "2279"]
[Annotator "TA"]
[PlyCount "94"]
[EventDate "2018.08.01"]
[EventType "swiss"]
[EventCountry "RUS"]
[SourceTitle "playchess.com"]
[Source "ChessBase"]
[SourceQuality "1"]

{[%evp 9,94,6,10,-20,-23,-20,-20,-36,-26,-33,-24,-17,-18,-16,-18,-13,-2,0,-9,-8,-8,-118,-108,-118,-111,-119,-117,-163,-140,-170,-170,-173,-173,-174,-165,-178,-173,-202,-208,-203,-146,-183,-181,-175,-129,-147,-136,-243,-213,-235,-184,-185,-175,-276,-168,-157,-155,-283,-283,-283,-283,-331,-283,-274,-191,-220,-208,-305,-304,-366,-285,-268,-248,-293,-294,-272,-283,-365,-368,-368,-368,-411,-395,-1126,-1125,-981,-963]} 1. e4 c5 2. c3 Nf6 3. e5 Nd5 4. Na3 Nc6 5. Nf3 g6 {LiveBook: 23 Partien} 6. Be2 $146 {B22: Sizilianisch (Alapin 2.c3)} ({Vorgänger:} 6. g3 Bg7 7. Bg2 O-O 8. O-O d6 9. exd6 Qxd6 10. d4 cxd4 11. Nb5 Qc5 12. Nbxd4 Rd8 13. Qe2 Bg4 {0-1 (64) De Dovitiis,A (2353)-Pichot,A (2528) Buenos Aires 2015}) 6... Bg7 7. O-O O-O 8. d4 {Die Stellung ist ausgeglichen.} cxd4 9. Qb3 Nb6 10. cxd4 d6 11. Rd1 dxe5 12. dxe5 Qc7 13. Nb5 Qb8 14. Bf4 Be6 $36 {[%mdl 2048] Schwarz hat Initiative.} 15. Qe3 (15. Qa3 $11) 15... Nd5 $17 16. Rxd5 Bxd5 17. e6 Qc8 18. exf7+ Bxf7 19. Ng5 Qf5 20. Bd3 {[#]} Qf6 $1 21. Nxf7 Qxf7 22. Bg3 Kh8 23. Re1 Rad8 ({Finger weg von} 23... Bxb2 24. Nc7 $17) 24. b3 Nd4 25. Nxd4 Bxd4 26. Qe2 Qf6 27. Rd1 Rd5 28. Bc2 {[#]} (28. Rf1 $17 {war nötig.}) 28... Rfd8 $1 $19 {[%cal Bf8d8,Bd8d5,Bd5c5][%mdl 32]} 29. h3 Bc3 30. Rxd5 Rxd5 31. Be4 (31. Qe4 {ist eine bessere Verteidigung.} Rd7 32. b4) 31... Rc5 32. Bxb7 Be5 33. Kh2 (33. Bxe5 $17 {war die einzige Chance.} Qxe5 34. Qxe5+ Rxe5 35. Kf1) 33... Bxg3+ 34. fxg3 {[%mdl 4096] Endspiel KDT-KDL} Kg7 35. b4 Re5 36. Qd2 Rg5 37. a4 h5 38. Qf4 (38. Bf3 $142) 38... Rf5 39. Qe4 Qd6 40. Qc4 Rg5 41. Qf4 Re5 42. b5 g5 43. Qf2 {[#]} h4 $1 {[%mdl 512]} 44. Bc6 (44. gxh4 Rxb5+) 44... Rc5 {zielt auf ...Tc3 ab.} 45. Be8 {[#] beabsichtigt Df7+.} Rf5 $1 {[%mdl 512]} 46. Qe3 $2 (46. Qxf5 {ist ein Selbstmatt.} hxg3+ 47. Kg1 Qd4+ 48. Kh1 Qd1+ 49. Qf1 Qxf1#) (46. Qe1 hxg3+ 47. Qxg3) 46... Kf8 47. Bc6 Rf1 {Precision: Weiß = 45%, Schwarz = 79%.} 0-1

[Event "Eurasia Open Cup 2018"]
[Site "Jekaterienburg"]
[Date "2018.08.06"]
[Round "5"]
[White "Badmatsyrenov, Oleg"]
[Black "Saunina, Ludmila"]
[Result "1-0"]
[WhiteElo "2454"]
[BlackElo "2214"]
[Annotator "TA"]
[PlyCount "93"]
[EventDate "2018.08.01"]
[EventType "swiss"]
[EventCountry "RUS"]
[SourceTitle "playchess.com"]
[Source "ChessBase"]
[SourceQuality "1"]

{[%evp 9,93,12,14,23,42,40,49,41,54,46,115,108,115,103,101,99,99,96,189,103,91,99,97,107,108,102,94,94,104,94,115,96,106,30,61,49,132,90,73,78,83,19,131,97,121,103,108,87,98,81,84,62,77,82,62,62,76,68,125,118,164,164,165,137,288,264,288,261,335,305,811,777,762,789,767,780,1111,1033,1333,1235,1088,880,12829,5808,12840,5816]} 1. e4 {[%cal Be2e4,Be4e5][%mdl 32]} e6 2. Qe2 c5 3. b3 Nc6 4. Bb2 Nf6 5. e5 Nd5 6. Nf3 {C00: French: Unusual White 2nd moves} f5 $146 ({Predecessor:} 6... Be7 7. g3 O-O 8. Bg2 a6 9. c4 Nc7 10. O-O f6 11. d3 {½-½ (60) Petrov,M (2470)-Tilicheev,V (2509) Primorsko 2017}) 7. Nc3 Nc7 8. O-O-O {White is slightly better.} b6 9. Rg1 Bb7 (9... Ba6 $14 10. Qe3 b5) 10. g4 $1 $16 Qe7 11. gxf5 exf5 12. d4 cxd4 13. Nxd4 O-O-O (13... Nxd4 $16 {was called for.} 14. Rxd4 O-O-O) 14. Ncb5 (14. Ndb5 $1 $18 {[%cal Rb5c7] Strongly threatening Nxc7.} Qh4 15. Nxc7 Kxc7 16. e6) 14... Nxd4 15. Rxd4 ({Much worse is} 15. Nxd4 g6 $11) 15... Nxb5 16. Qxb5 Kb8 17. Bg2 {And now Bxb7 would win.} Qc5 18. Qe2 {Threatens to win with Bxb7.} Bxg2 19. Rxg2 Qc6 20. Rg1 Bc5 21. Rh4 (21. Rd3 $16) 21... g6 22. Rd1 h5 (22... Qg2 $14 23. Ra4 Rhe8) 23. b4 {[%cal Bb3b4,Bb4b5][%mdl 32]} Be7 24. Rhd4 $1 Rhe8 25. Qd3 ({White should play} 25. Kb1 $16) 25... b5 (25... Qe6 $11) 26. a4 bxa4 {[#]} 27. b5 $1 {[%cal Rb5c6]} Qb7 28. Rxa4 Bc5 29. f4 Re6 30. Ba3 Bxa3+ $1 31. Rxa3 Rb6 32. Rb3 $36 {[%mdl 2048] Black is under pressure.} Qg2 33. Rd2 Qg1+ (33... Qg4 $14) 34. Kb2 Qc5 {[#]} 35. Qd5 $1 {[%cal Rd5c5]} Qxd5 36. Rxd5 $18 {[%mdl 4096] Endgame KRR-KRR} Kc8 $2 (36... Rc8 $16) 37. c4 a6 38. Ka3 Kc7 39. Kb4 Rdb8 $2 (39... h4 40. Rbd3 Re6) 40. Rbd3 {White is clearly winning.} Rd8 41. h4 Re6 42. Kc5 axb5 43. cxb5 Kc8 44. Rd6 Rxd6 45. Rxd6 Rg8 46. Kb6 Rg7 47. Ka7 {Precision: White = 72%, Black = 29%.} 1-0

[Event "Eurasia Open Cup 2018"]
[Site "Jekaterienburg"]
[Date "2018.08.06"]
[Round "5"]
[White "Shinkevich, Vitaly"]
[Black "Sorokin, Aleksey"]
[Result "1/2-1/2"]
[WhiteElo "2437"]
[BlackElo "2519"]
[Annotator "TA"]
[PlyCount "132"]
[EventDate "2018.08.01"]
[EventType "swiss"]
[EventCountry "RUS"]
[SourceTitle "playchess.com"]
[Source "ChessBase"]
[SourceQuality "1"]

{[%evp 18,132,6,-14,5,-5,0,-2,0,0,-25,0,-17,-13,-10,-6,-3,-18,0,0,0,-2,0,0,0,-21,11,11,11,6,57,57,45,-7,-2,-5,-9,-8,0,-13,-12,-12,-12,-9,-21,-32,0,-66,-43,-52,-48,-28,-8,-20,0,0,0,0,0,0,0,-2,25,25,20,19,16,-8,-8,-8,-8,-8,-8,-8,-8,-8,-8,-8,-8,-86,-86,-88,-8,-18,-19,-19,0,-53,-8,-8,0,0,0,-8,0,-8,0,0,0,-1903,0,0,0,0,0,0,0,-8,-8,-8,0,0,0,0,0,0,0]} 1. d4 Nf6 2. c4 g6 3. Nf3 Bg7 4. g3 d5 5. cxd5 Nxd5 6. Bg2 Nb6 7. O-O Nc6 8. Nc3 O-O 9. e3 Re8 10. a3 {LiveBook: 105 Partien. D76: Grünfeldindisch (Fianchetto HV 7... Sb6)} Rb8 11. h3 e5 12. d5 e4 13. dxc6 exf3 14. Qxf3 bxc6 15. Rd1 Qe7 {[#]} 16. Bd2 $146 ({Vorgänger:} 16. Qe2 c5 17. Qc2 Be6 {½-½ (47) Shimanov,A (2594)-Cheparinov,I (2681) Jerusalem 2015}) 16... c5 17. Be1 Bb7 18. Qe2 Bxg2 19. Kxg2 Qe6 20. Rac1 Nc4 21. Rc2 Red8 (21... Rb3 {feels hotter.} 22. Kh2 Ne5 23. f4 Nc4 24. e4 Bd4) 22. Rxd8+ Rxd8 23. e4 {Mit der Idee Sa4.} Nd6 (23... Nb6 $11) 24. f3 $1 $14 f5 25. e5 (25. exf5 $14 Qxf5 26. Bf2) 25... Qxe5 $11 26. Qxe5 Bxe5 27. Nd5 c4 28. Bb4 Rd7 29. Re2 Bg7 30. Ne7+ Kf7 31. Nc6 Nb5 32. Bc5 (32. Ne5+ $11 Bxe5 33. Rxe5) 32... c3 33. bxc3 Nxc3 34. Rc2 Rd3 35. Bxa7 Nb5 36. a4 Nxa7 37. Nxa7 {[%mdl 4096] Endspiel KTL-KTS} c5 38. Nb5 Bf8 39. Ra2 c4 40. a5 {Droht stark a6.} c3 41. a6 {Schwarz muss nun a7 beachten.} Bc5 42. a7 Rd2+ 43. Rxd2 cxd2 44. a8=Q d1=Q {[%csl Gc5][%cal Rd1g1]} 45. Qb7+ Be7 46. f4 Qe2+ 47. Kh1 Kf8 48. Qc8+ (48. Qd5 $11 {hält das Gleichgewicht.}) 48... Kg7 $17 49. Qc3+ {[#]} Bf6 (49... Kh6 $1 $17 50. Qc6 Bb4) 50. Qb3 Qf1+ 51. Kh2 Qe2+ 52. Kg1 ({Besser ist} 52. Kh1 $1 $11) 52... Kh6 {...Lb2 ist eine echte Drohung.} 53. Qd5 Bb2 {zielt auf ...Lc1 ab.} 54. Nd6 Qe3+ 55. Kg2 Qe2+ (55... Bd4 $5 56. h4 $8 Bc5 57. Nf7+ Kg7 $15) 56. Kh1 Bf6 57. Nf7+ Kg7 {Und weiter mit ...Df1+ wäre nett.} 58. Ng5 $2 {[%mdl 8192] [#]} (58. Nd6 $11 Qf1+ 59. Kh2 Qe2+ 60. Kg1 Qe3+ 61. Kg2) 58... Qf1+ $2 (58... Bxg5 $1 $19 59. fxg5 Qe7) 59. Kh2 $11 {Weiss will mit Df7+ Matt setzen.Die Stellung ist ausgeglichen.} Qf2+ 60. Kh1 Qf1+ 61. Kh2 {jetzt Df7+ und aus.} Qe2+ 62. Qg2 Qxg2+ 63. Kxg2 Bxg5 64. fxg5 Kf7 65. Kf3 Ke6 66. Ke2 Ke5 {Precision: Weiß = 62%, Schwarz = 46%.} 1/2-1/2